00346nam a2200121Ia 450000500170000000800410001708200130005810000200007124500290009126000590012030000130017965000320019220240531012044.0240331s9999 xx 000 0 und d bANAa340 aAnandarajah,T.E 0aPolicecT.E. Anandarajah aColombobInternational Cerntre for Ethic Studiesc2001 a52 p .,  aLaw Enforcement in srilanka